| 000 | 00550nam a22002057a 4500 | ||
|---|---|---|---|
| 003 | OSt | ||
| 005 | 20181112161028.0 | ||
| 008 | 181112b xxu||||| |||| 00| 0 eng d | ||
| 020 | _a0874344255 | ||
| 040 | _cDNML | ||
| 082 | _aWY 900 P943s 1995. | ||
| 100 |
_aMortion,Gonge Patricia; _912750 |
||
| 245 | _aHealth Assessment in Nursing. | ||
| 250 | _a2nd ed. | ||
| 260 |
_aPennsylvania; _bSpring House Corporation. _c1995. |
||
| 300 |
_axxxv,681p; _bcol,ill; _c27cm. |
||
| 504 | _aincludes index. | ||
| 650 |
_aNursing. _9135 |
||
| 942 |
_2ddc _cO_SHELF |
||
| 999 |
_c6179 _d6179 |
||